| 000 | 00387pab a2200157 454500 | ||
|---|---|---|---|
| 008 | 180718b2004 xxu||||| |||| 00| 0 eng d | ||
| 100 | _aGill, M.S. | ||
| 245 | _aSocial network analysis (SNA) | ||
| 260 | _c2004 | ||
| 300 | _ap.101-105. | ||
| 362 | _aApr | ||
| 650 | _aSocial networks | ||
| 650 | _aInformation networks | ||
| 773 | _aGuru Nanak Journal of Sociology | ||
| 909 | _a63904 | ||
| 999 |
_c63904 _d63904 |
||